000
00286nam a22001337a 4500
020
_a
978-93-85554-15-5
082
_a
894.812.3
_b
GEO/R
100
_a
GEORGE,BEENA
245
_a
ROBINSON CRUSO
260
_a
THRISSUR
_b
H&C BOOKS
300
_a
48
650
_a
STORY
_z
THRISSUR
942
_c
BK
999
_c
6946
_d
6946